000 00812cam a22002531 4500
001 ca 09000051
003 DLC
005 20260227111048.0
008 920605r19011901nyu 000 0 eng
010 _aca 09000051
035 _a(OCoLC)25959296
040 _aDLC
_cCSt
_dDLC
042 _apremarc
050 0 0 _aQK1
_b.N515 no. 13
100 1 _aRydberg, Per Axel,
_d1860-1931.
245 0 0 _aFurther studies on the Potentilleae.
_cBy P.A. Rydberg.
260 _aNew York,
_c1901.
300 _a173-183 p.
_c24 cm.
490 1 _aContributions from the New York Botanical garden.
_vno. 13
500 _aCover-title.
500 _aReprinted from the Bulletin of the Torrey Botanical Club, 28. 27 Mar., 1901.
650 0 _aCinquefoils.
830 0 _aContributions from the New York Botanical Garden.
_vv. 13.
999 _c13858
_d13858